1684 1759 1825 1438 1461 1840 1491 1562 1878 1842 1654 1625 1333 1561 1800 1585 1725 1040 1544 1256 1171 1274 1933 1025 1442 1832 1295 1230 1161 1254 1718 1445 1182 1992 1964 1731 1344 1798 1841 1087 1690 1379 1375 1613 1401 1499 1707 1563 1430 1615 1803 1529 1350 1423 1149 1474 1428 1825 1462 1340 1305 1984 1784 1901 1100 1608 1862 1049 1464 1403 1983 1454 1730 1213 1717 1056 1394 1033 1587 1392 1450 1591 1137 1523 1113 1216 1804 1505 1950 1726 1273 1687 1823 1845 1654 1097 1236 1415 1328 BCNSPRNW ULIB Ver.6.0+V

เปลี่ยนเป็นภาษาไทย

Change to English
 แสดงรายละเอียดบรรณานุกรม
  กลับหน้าหลัก

Brief Record : Get Marc (ISO 2709) : E-mail record : QR code < ปิดหน้าต่าง
LEADER : 00000nam 2200000uu 4500
001    13399112024
003     ULIB
008    110627s2542||||th 000 0 tha d
099    วจ.WY18.2^bร175ศ
100 0  รพีพรรณ เรืองเดชอนันต์
245 00 ศึกษาสภาพการเรียนการสอนที่ส่งเสริมการเรียนรู้ด้วยตนเองของนักศึกษาพยาบาลวิทยาลัยพยาบาล สังกัดสถาบันพระบรมราชชนก/^cรพีพรรณ เรืองเดชอนันต์
260    นครสวรรค์ :^bวิทยาลัยพยาบาลบรมราชชนนี เครือข่ายภาคเหนือ,^c2542
300    118 หน้า
650  7 ความฉลาดทางอารมณ์^xวิจัย
650  7 วิทยาลัยพยาบาลบรมราชชนนี เครือข่ายภาคเหนือ
945    ^p0^l0^i012109
945    ^p0^l0^i012110
945    ^p0^l0^i012111
945    ^p0^l0^i012112
945    ^p0^l0^i012113
945    ^p0^l0^i012114
945    ^p0^l0^i012115
945    ^p0^l0^i012116
945    ^p0^l0^i012117
945    ^p0^l0^i012118
945    ^p0^l0^i012119
945    ^p0^l0^i019160
945    ^p0^l0^i032849
995    ทศพร
999 ^a ใช้งานได้ทุกระบบ
รายการนี้ยังไม่มีแท็ก
คุณยังไม่ได้ล็อกอิน คุณสามารถมีกิจกรรมร่วมกับเว็บไซต์ได้ แต่ต้องล็อกอินก่อน ::
  ล็อกอิน

รายการสื่อสารสนเทศ

ลำดับที่ ประเภท เลขเรียก/บาร์โค้ด สถานที่ สถานะ
1. งานวิจัย
งานวิจัย
วจ.WY18.2 ร175ศ ฉ.13 
  Barcode: 032849
ห้องสมุดวิทยาเขตสวรรค์ประชารักษ์
►วิจัย
บนชั้น

รายการใกล้เคียง
    ผู้แต่ง [รพีพรรณ เรืองเดชอนันต์]

BibComment


ยังไม่เคยถูกคอมเมนท์

คอมเมนท์ทรัพยากรรายการนี้
  คอมเมนท์: ศึกษาสภาพการเรียน..


 Copyright 2026. Bcnsprnw @Library